Wanita-wanita teladan pilihan Islam : kisah menarik dan ciri-ciri terpuji yang patut dicontohi
| Main Author: | |
|---|---|
| Format: | Book |
| Published: |
Kuala Lumpur :
Jasmin Enterprise ,
1992
|
| Subjects: |
MARC
| LEADER | 00000cam a2200000 7i4500 | ||
|---|---|---|---|
| 001 | 0000003664 | ||
| 002 | 000003947 | ||
| 005 | 20000330.0 | ||
| 020 | |a 9839045040 | ||
| 090 | 0 | 0 | |a 297.6 |b IBR |
| 100 | 0 | |a Ibra Yakin | |
| 245 | 1 | 0 | |a Wanita-wanita teladan pilihan Islam : |b kisah menarik dan ciri-ciri terpuji yang patut dicontohi |c Ibra Yakin |
| 260 | |a Kuala Lumpur : |b Jasmin Enterprise , |c 1992 | ||
| 300 | |a 121 p. ; |c 18 cm. | ||
| 650 | 0 | 0 | |a Women in Islam |
| 999 | |a 037120 |b BUKU |c PINJAMAN |e PERPUSTAKAAN KOMUNITI PETALING JAYA | ||